Los olvidados de la paz

Detalles Bibliográficos
Autor principal: Ramr̕ez Arcos, Hugo Eduardo
Formato: eBook
Lenguaje:español
Publicado: Bogot:̀ Editorial Universidad de Rosario (Colombia), 2018
Materias:
Acceso en línea:Acceso restringido

MARC

LEADER 00000nam a22000007a 4500
005 20181227115236.0
007 cr|||| ||||
008 181227s2018 co |||||s|||| 00||0 spa d
020 |a 978-958-784-096-4 
035 |a 22650 
040 |a vLex 
090 |c 8388  |d 8388 
100 1 |a Ramr̕ez Arcos, Hugo Eduardo 
245 1 3 |a Los olvidados de la paz  |h [Recurso electrn̤ico] /  |c Hugo Eduardo Ramr̕ez Arcos 
256 |a Servicio en ln̕ea 
260 |a Bogot:̀  |b Editorial Universidad de Rosario (Colombia),  |c 2018 
300 |a 1 recurso electrn̤ico 
500 |a Con esta nueva publicacin̤, muy en el espr̕itu de nuestra Facultad de Ciencia Polt̕ica, Gobierno y Relaciones Internacionales, marcamos el acento sobre un hecho fundamental: como cualquier proceso polt̕ico, econm̤ico, social e incluso afectivo, la paz tiene sus olvidos y olvidados. Contrario al maniques̕mo radical de algunos sectores reaccionarios que le presentan a la opinin̤ pb︢lica la imagen de una paz “perfecta”, y quienes no desaprovechan cualquier oportunidad para denunciar el actual proceso como inviable, nosotros consideramos que todo proceso de paz, desarrollado por humanos y desenvuelto en sociedades complejas es por naturaleza imperfecto, pero no por ello no digno de aceptacin̤ y, ¿por qu ̌no?, de revisin̤. El aporte de este libro es el de llamar a la prudencia, generar alarmas y dar voz, desde la argumentacin̤ acadm̌ica de investigadores y protagonistas de la historia, frente a este controvertido y an︢ incierto proceso de paz. Su lectura resulta oportuna como fuente de consulta para estudiosos, acadm̌icos, ld̕eres sociales y polt̕icos y, en general, ciudadanos inquietos que se interesen con la construccin̤ de paz en el pas̕. Esta obra funge como un registro de memoria en medio de un proceso de paz, para contribuir a dejar la menor cantidad posible de pg̀inas sin escribir sobre nuestro conflicto. 
506 1 |a Disponible solo en los productos indicados  |d vLex Global  |d vLex Global (Academic Edition, excluding Law Schools)  |d vLex Global (U.S. Academic Edition, Law Schools)  |d vLex Global (U.S. Academic Edition, excluding Law Schools)  |d vLex Global (Academic Edition, Law Schools) 
650 0 4 |a Ciencias sociales  |z Colombia 
740 0 |a vLex Libros (Servicio en ln̕ea) 
856 4 0 |u http://vlex.com/source/olvidados-de-la-paz-22650  |z Acceso restringido 
942 |c BOOK 
999 0 |a Social Sciences